| 000 | 02000cam a2200337 a 4500 | ||
|---|---|---|---|
| 001 | 16642572 | ||
| 005 | 20170105102911.0 | ||
| 008 | 110208s2011 nyu b 001 0 eng | ||
| 010 | _a 2011005660 | ||
| 020 | _a9780805093506 (hbk.) | ||
| 035 | _a(OCoLC)ocn669754790 | ||
| 040 |
_aDLC _cDLC _dYDX _dBTCTA _dYDXCP _dUPZ _dJP3 _dNSB _dBWX _dIXA _dDLC |
||
| 042 | _apcc | ||
| 050 | 0 | 0 |
_aJZ5665 _b.E43 2011 |
| 082 | 0 | 0 |
_a327.1/747 _222 |
| 100 | 1 | _aEl Baradei, Mohamed. | |
| 245 | 1 | 4 |
_aThe age of deception : _bnuclear diplomacy in treacherous times / _cMohamed ElBaradei. |
| 246 | 3 | 0 | _aNuclear diplomacy in treacherous times |
| 250 | _a1st ed. | ||
| 260 |
_aNew York : _bMetropolitan Books/Henry Holt and Co., _c2011. |
||
| 300 |
_a340 p. ; _c25 cm. |
||
| 504 | _aIncludes bibliographical references and index. | ||
| 505 | 0 | _aIraq, 1991-1998: unmasking a hidden program -- North Korea, 1992-2002: the case of the missing plutonium -- Iraq, 2002 and after: a needless war -- North Korea, 2003 and after: the nuclear weapons club adds a member -- Iran, 2003-2005: the riddle of Taqqiya -- Libya: discovery and dismantlement -- The nuclear bazaar of A. Q. Khan -- From Vienna to Oslo -- Iran, 2006: "not one centrifuge" -- Double standards -- Iran, 2007-2008: squandered opportunities -- Iran, 2009: in pursuit of a breakthrough -- Conclusion : the quest for human security. | |
| 520 | _aFor the first time, the director of the UN's International Atomic Energy Agency and "man in the middle" of the planet's most explosive confrontations speaks out--on his dealings with America, negotiations with Iran, reform and democracy in the Middle East, and the prospects for a future free of nuclear weapons. | ||
| 650 | 0 | _aNuclear arms control. | |
| 650 | 0 |
_aNuclear arms control _xVerification. |
|
| 650 | 0 | _aNuclear nonproliferation. | |
| 906 |
_a7 _bcbc _corignew _d1 _eecip _f20 _gy-gencatlg |
||
| 942 |
_2ddc _cBK |
||
| 999 |
_c15153 _d15153 |
||